000 00334nam a2200133Ia 4500
005 20260328101524.0
008 260328s9999||||xx |||||||||||||| ||und||
100 _aHahn, Harlan
245 0 _aPeople and politics in Urban society /
_cHarlan Hahn
260 _bSage Publications
300 _a635 p.
650 _aURBANISMO
942 _cBK
999 _c9714
_d9714